000 003620000a22001090004500
090 _aAR
_b04128
245 1 0 _aInternal anatomy of Coprophanaeus Lancifer (L.) (Coleoptera: Scarabaeidae)
500 _a<Literatura de escarabajos coprófagos>
100 1 _aEdmonds, W. D.
_910356
942 _cARTICULO
773 1 _tInt.J. Insect Morphol. & Embryol.
_h2
_q257-272
_d1974
_g3
999 _c13226
_d13226